000 00404nam a22001457a 4500
005 20200620130612.0
008 200620b xxu||||| |||| 00| 0 eng d
082 _a345.4 AIR
110 _aALL INDIA REPORTER,
_96270
245 _aALL INDIA REPORTER, [OCTOBER-2019] [10] VOL-126, [PART-1270]
260 _aMUMBAI
_bALL INDIA REPORTER,PVT, LTD.
300 _a240;p
650 _aLAW
_95701
942 _cJRL
999 _c7386
_d7384